|
|
|
|
| LEADER |
00000nas a22000007a 4500 |
| 001 |
ssj0002164 |
| 003 |
WaSeSS |
| 005 |
20200512172242.0 |
| 006 |
m d |
| 007 |
cr n |
| 008 |
800227c19479999dcumn p s 0 a0eng |
| 010 |
|
|
|a 2011201787
|
| 016 |
7 |
|
|a 2670733-0
|2 DE-600
|
| 022 |
|
|
|a 2163-3746
|l 0009-6334
|y 0009-6334
|
| 035 |
|
|
|a (WaSeSS)ssj0002164
|
| 040 |
|
|
|a Nz
|b eng
|c UV0
|d TXJ
|d OCLCQ
|d UV$
|d LGG
|d CO3
|d OCH
|d DLC
|d OCLCQ
|d OCLCF
|d OCLCO
|d OCLCQ
|d OCLCA
|d AU@
|d VT2
|d WaSeSS
|
| 042 |
|
|
|a pcc
|a nsdp
|
| 043 |
|
|
|a n-us---
|
| 050 |
0 |
0 |
|a BR516
|b .C49
|
| 082 |
0 |
0 |
|a 261.7
|2 21
|
| 130 |
0 |
|
|a Church and state (Washington, D.C. : Online)
|
| 222 |
|
0 |
|a Church and state
|b (Online)
|
| 245 |
1 |
0 |
|a Church and state
|h [electronic resource].
|
| 246 |
3 |
0 |
|a Church & state
|
| 260 |
|
|
|a Washington, D.C. :
|b Protestants and Other Americans United for Separation of Church and State.
|
| 310 |
|
|
|a Monthly
|
| 362 |
1 |
|
|a Print began in 1947.
|
| 506 |
|
|
|a License restrictions may limit access.
|
| 588 |
|
|
|a Description based on: Vol. 52, no. 1 (Jan. 1999); title from PDF cover image (Americans United's website, viewed on Sept. 2, 2011).
|
| 588 |
|
|
|a Latest issue consulted: Vol. 64, no. 9 (Sept. 2011)) (Americans United's website, viewed on Sept. 2, 2011).
|
| 610 |
2 |
0 |
|a Catholic Church
|x Controversial literature
|v Periodicals.
|
| 610 |
2 |
7 |
|a Catholic Church.
|2 fast
|0 (OCoLC)fst00531720
|
| 650 |
|
0 |
|a Church and state
|z United States
|v Periodicals.
|
| 650 |
|
0 |
|a Church and state
|x Catholic Church
|v Periodicals.
|
| 650 |
|
7 |
|a Church and state.
|2 fast
|0 (OCoLC)fst00860509
|
| 650 |
|
7 |
|a Church and state
|x Catholic Church.
|2 fast
|0 (OCoLC)fst00860512
|
| 650 |
|
7 |
|a Controversial literature.
|2 fast
|0 (OCoLC)fst01352540
|
| 651 |
|
7 |
|a United States.
|2 fast
|0 (OCoLC)fst01204155
|
| 655 |
|
0 |
|a Electronic journals.
|
| 710 |
2 |
|
|a Americans United for Separation of Church and State.
|
| 773 |
0 |
|
|t ProQuest 5000 International
|
| 776 |
0 |
8 |
|i Print version:
|t Church and state (Washington, D.C.)
|x 0009-6334
|w (DLC) 57017920
|w (OCoLC)6026430
|
| 856 |
4 |
0 |
|z Full text available from Research Library: 04/01/1999 to present
|u https://search.proquest.com/publication/41744
|